| 000 | 00962nam a2200301 a 4500 | ||
|---|---|---|---|
| 008 | |||
| 020 | _a9780340975084 (paperback) | ||
| 040 |
_aNUST _cNUST |
||
| 049 | _aMAIN | ||
| 090 |
_aHV40 _bTHO |
||
| 100 |
_aThomson, Hillary., _aauthor. |
||
| 245 | 1 | 0 |
_aOCR Health and Social Care for GCSE/ _cHilary Thomson and Sylvia Aslangul. |
| 260 |
_aLondon : _bHodder Education, _cc 2009. |
||
| 300 | _a First edition. | ||
| 300 |
_aviii, 256 pages : _billustrations ; _c28 cm. |
||
| 336 |
_atext _btxt _2rdacontent |
||
| 337 |
_aunmediated _bn _2rdamedia |
||
| 338 |
_avolume _bnc _2rdacarrier |
||
| 500 | _aIncludes index. | ||
| 650 | 1 | _aHealth and Social Care. | |
| 650 | _aPromoting health and wellbeing. | ||
| 650 | _aUnderstanding personal development. | ||
| 700 |
_aAslangul, Sylvia., _aauthor. |
||
| 907 |
_a.b10308374 _b08-09-21 _c20-02-12 |
||
| 003 | |||
| 005 | 20230123141221.0 | ||
| 942 |
_cBOOKS _kHV40 _mTHO |
||
| 999 |
_c169691 _d169691 |
||